000
00223 a2200097 4500
001
36011
100
_a
Galyer J & Sh otbot C
245
_a
Metrology for Engineers
260
_a
London
_b
Cassell
_c
090
_c
23509
_d
23509
942
_a
NUST-CAE
_c
M
_c
15013
999
_c
271084
_d
271084